00983nam a22001577a 4500999001900000008004100019100003300060245003000093260001200123300003000135520051600165773001200681906002000693942000700713952010500720 c520133d520133220702b ||||| |||| 00| 0 eng d aRangarajan, Jayanthi 931818 aAdvancements in medicine  aYojana  a66(6), Jun, 2022: p.53-55 aMedicine is not merely a science but on art too; this is a famous adage we owe to Paracelsus, a 16th century alchemist turned physician. Technology, the third dimensions, has steadily been incorporated and has fortified medicine as practiced today. Health or medical technology is defined by the WHO as the application of organized knowledge and skill in the form of devices, medicines, vaccines, procedures, procedures , and systems to solve a health problem and improve quality of lives. – Reproduced  aYojana  aHEALTH SERVICES cAR 00102ddc40709394203aIIPAbIIPAd2022-07-02h66(6), Jun, 2022: p.53-55pAR126797r2022-07-02yAR